| 000 | 01529nam a2200469 i 4500 | ||
|---|---|---|---|
| 001 | 25876 | ||
| 003 | KOSZ 005 | ||
| 005 | 20240405063040.0 | ||
| 008 | 200804s1973 pl a f 000 0 pol | ||
| 015 | _aUWD 1973/8253 | ||
| 035 | _a991034046899705066 | ||
| 035 | _a(PL-WaBN)b19109696-48omnis_nlop | ||
| 035 | _ab19109696 | ||
| 035 | _a(OCoLC)69604515 | ||
| 035 | _a(PL)b0000001910969 | ||
| 035 | _a(EXLNZ-48OMNIS_NETWORK)9910357018205606 | ||
| 040 |
_aWA N _cWA N _dKOSZ 005/RW |
||
| 046 | _k1973 | ||
| 080 | _a37 | ||
| 245 | 0 | 0 |
_aRaport o stanie oświaty w PRL / _cKomitet Ekspertów dla Opracowania Raportu o Stanie Oświaty w PRL. |
| 260 |
_aWarszawa : _bPaństwowe Wydawnictwo Naukowe, _c1973. |
||
| 300 |
_a480, [3] stron, [1] karta tablic : _bilustracje ; _c24 cm. |
||
| 336 |
_aTekst _btxt _2rdacontent |
||
| 337 |
_aBez urządzenia pośredniczącego _bn _2rdamedia |
||
| 338 |
_aWolumin _bnc _2rdacarrier |
||
| 380 | _aKsiążki | ||
| 380 | _aPublikacje informacyjne | ||
| 388 | 1 | _a1901-2000 | |
| 388 | 1 | _a1945-1989 | |
| 648 | 7 | _a1901-2000 | |
| 648 | 7 | _a1945-1989 | |
| 650 | 7 | _aEdukacja | |
| 650 | 7 | _aNauczanie | |
| 650 | 7 | _aInnowacje | |
| 651 | 7 | _aPolska | |
| 655 | 7 | _aOpracowanie | |
| 658 | _aEdukacja i pedagogika | ||
| 710 | 2 |
_aPaństwowe Wydawnictwo Naukowe _4pbl |
|
| 856 |
_uhttp://koha.tu.koszalin.pl/cgi-bin/koha/opac-detail.pl?biblionumber=25876 _yKatalog online BPK |
||
| 942 |
_2UKD _cKS |
||
| 999 |
_c25876 _d25876 |
||